Beliebte Webseiten anhand von Logos erraten - Statistiken

Allgemein
  • Dieses Quiz wurde 821 mal gespielt
  • Das Durchschnittsergebnis liegt bei 15 aus 16
Antwortstatistiken
Bildquiz Antwort % Korrekt
Amazon
100%
Facebook
100%
Google
100%
YouTube
100%
Instagram
99%
Netflix
99%
Twitter
99%
WhatsApp
99%
TikTok
98%
Wikipedia
98%
Yahoo
96%
eBay
95%
Skype
88%
Reddit
86%
LinkedIn
72%
Bing
70%
Keine übereinstimmenden Quizze gefunden
Verteilung der Resultate
Anzahl Personen mit jedem Resultat
Perzentil nach korrekt beantworteten Fragen
Ihre Resultats-Entwicklung
Sie haben dieses Quiz noch nicht gespielt